Vainqueurs du tournoi ATP de Santiago - Statistiques

Statistiques générales
  • Ce quiz a été pris 7 fois
    5 depuis la dernière actualisation
  • Le résultat moyen est 10 sur 35
Statistiques - réponses
Année Vainqueur % Correct
2024 Baez
100%
2023 Jarry
80%
2001 Coria
40%
2005 Gaudio
40%
2002 Gonzalez
40%
2004 Gonzalez
40%
2008 Gonzalez
40%
2009 Gonzalez
40%
2000 Kuerten
40%
2022 Martinez
40%
2020 Seyboth wild
40%
2006 Acasuso
20%
1997 Alonso
20%
2010 Bellucci
20%
1994 Berasategui
20%
1998 Clavet
20%
1978 Clerc
20%
1995 Doseděl
20%
2014 Fognini
20%
1993 Frana
20%
2021 Garin
20%
1979 Gildemeister
20%
1981 Gildemeister
20%
1996 Gumy
20%
1976 Higueras
20%
2007 Horna
20%
2012 Monaco
20%
1980 Pecci
20%
1981 Pecci
20%
1983 Pecci
20%
2011 Robredo
20%
2003 Sanchez
20%
1977 Vilas
20%
2013 Zeballos
20%
1982 Rebolledo
0%
Aucun quiz correspondant
Distribution des résultats
% des personnes avec chaque résultat
Percentile par nombre de réponses
Votre historique - résultats
Vous n’avez pas pris ce quiz depuis la dernière actualisation